Focus 1 (Record no. 76598)
[ view plain ]
| 000 -LEADER | |
|---|---|
| fixed length control field | 00938cab a2200205 4500 |
| 001 - CONTROL NUMBER | |
| control field | ##L132746 |
| 008 - FIXED-LENGTH DATA ELEMENTS--GENERAL INFORMATION | |
| fixed length control field | 060306n2006 000 0 eng u |
| 035 ## - SYSTEM CONTROL NUMBER | |
| System control number | (Sirsi) u132746 |
| 041 0# - LANGUAGE CODE | |
| Language code of text/sound track or separate title | eng |
| 100 1# - MAIN ENTRY--PERSONAL NAME | |
| Personal name | Neale, Jon |
| 245 00 - TITLE STATEMENT | |
| Title | Focus 1 |
| Remainder of title | East Midlands |
| 260 ## - PUBLICATION, DISTRIBUTION, ETC. | |
| Date of publication, distribution, etc. | 2006 |
| 490 #0 - SERIES STATEMENT | |
| Series statement | Estates Gazette |
| Volume/sequential designation | (0608) 25 February 2006, 83-105(9) |
| 520 ## - SUMMARY, ETC. | |
| Summary, etc. | Covers the very low level of take-up of industrial property in Derby, Leicester and Nottingham and the supply of industrial and distribution space in Northamptonshire keeping up with occupiers' demands. Reports on the Golden Triangle (northern and eastern sectors of the region) as the star of the East Midlands industrial market even though there is a lack of sites. Offers a profile of developers Rosemound. |
| 590 ## - LOCAL NOTE (RLIN) | |
| Local note | IKA140306 |
| 690 ## - LOCAL SUBJECT ADDED ENTRY--TOPICAL TERM (OCLC, RLIN) | |
| Topical term or geographic name as entry element | PROPERTY-COMMERCIAL PROPERTY-COMMERCIAL PROPERTY MARKET |
| 700 1# - ADDED ENTRY--PERSONAL NAME | |
| Personal name | Jack, Simon |
| 700 1# - ADDED ENTRY--PERSONAL NAME | |
| Personal name | Halstead, Ian |
| 942 ## - ADDED ENTRY ELEMENTS (KOHA) | |
| Suppress in OPAC | 0 |
| Withdrawn status | Lost status | Source of classification or shelving scheme | Damaged status | Not for loan | Home library | Current library | Shelving location | Date acquired | Total Checkouts | Full call number | Barcode | Date last seen | Copy number | Price effective from | Koha item type |
|---|---|---|---|---|---|---|---|---|---|---|---|---|---|---|---|
| Dewey Decimal Classification | London | London | Journal article | 06/03/2006 | L132746 | 132746-1001 | 06/08/2019 | 1 | 06/08/2019 | Journal article |